Centro Educativo de Niñas : enseñanza elemental y superior : Escuela de Artes y Oficios de mujer sostenida por la Beneficencia Escolar : programa de enseñanza enseñanza elemental y superior :
Descripción Física:
[1] p. ; 32 cm
MARC
| LEADER | 00000nam a2200000Ia 4500 | ||
|---|---|---|---|
| 001 | 19388 | ||
| 008 | 160829s9999 xx 000 0 cat d | ||
| 080 | |a 3402, exp. 3 | ||
| 100 | |a Centro Educativo de Niñas y Escuela de Artes y Oficios de la Beneficencia Escolar |9 48645 | ||
| 245 | |a Centro Educativo de Niñas : |b enseñanza elemental y superior : |b Escuela de Artes y Oficios de mujer sostenida por la Beneficencia Escolar : |b programa de enseñanza | ||
| 260 | |a Barcelona : |b Imp. Guinart Peix, [1913?] | ||
| 300 | |a [1] p. ; |c 32 cm | ||
| 590 | |a A la mateixa capsa s'inclou un plànol de les estances de l'Escola de nens i de nenes, signats per l'arquitecte Augusto Font | ||
| 650 | |a Centro Educativo de Niñas y Escuela de Artes y Oficios de la Beneficencia Escolar |9 48645 | ||
| 901 | |a Arxiu | ||
| 942 | |n 1 | ||
| 952 | |0 0 |1 0 |4 0 |6 3402_EXP_3 |7 1 |9 54725 |a Arxiu |b Arxiu |d 2016-12-01 |l 0 |o 3402, exp. 3 |p 19388 |r 2016-12-01 00:00:00 |w 2016-12-01 |y ARXIU | ||
| 999 | |c 58594 |d 58594 | ||